Guías de laboratorio del "DAC PID Process Control Trainer Model 610"
Guardado en:
| Hovedforfatter: | |
|---|---|
| Format: | Bog |
| Udgivet: |
[San José, Costa Rica]
2009
|
| Fag: | |
| Tags: |
Tilføj Tag
Ingen Tags, Vær først til at tagge denne postø!
|
MARC
| LEADER | 00000nam a2200000Ia 4500 | ||
|---|---|---|---|
| 003 | 001464 | ||
| 005 | 20221231144045.0 | ||
| 008 | 140114s2009 cr a 000 ||s d | ||
| 040 | |c cru CEDI | ||
| 090 | |a TFG 5983 | ||
| 100 | |a Leiva Rodríguez, Jonathan M. |9 3532 | ||
| 245 | |a Guías de laboratorio del "DAC PID Process Control Trainer Model 610" | ||
| 260 | |c 2009 |b [San José, Costa Rica] | ||
| 300 | |a viii, 50, 22 hojas; ilustraciones | ||
| 500 | |a Proyecto de graduación (bachillerato en ingeniería eléctrica)--Universidad de Costa Rica. Facultad de Ingeniería. Escuela de Ingeniería Eléctrica | ||
| 650 | |x TEORIA DEL CONTROL |x CONTROL AUTOMATICO |x ESTUDIO Y ENSEÑANZA |9 3533 | ||
| 942 | |c TFG | ||
| 999 | |c 16245 |d 16245 | ||
